Al pie de la letra VI : los estudiantes de México.
Đã lưu trong:
| Định dạng: | Không biết |
|---|---|
| Ngôn ngữ: | Spanish |
| Những chủ đề: | |
| Các nhãn: |
Thêm thẻ
Không có thẻ, Là người đầu tiên thẻ bản ghi này!
|
MARC
| LEADER | 000000000a22000000004500 | ||
|---|---|---|---|
| 001 | 002242 | ||
| 041 | 0 | |a spa | |
| 245 | 0 | 0 | |a Al pie de la letra VI : |b los estudiantes de México. |
| 310 | |a trimestral | ||
| 650 | 4 | |a MEXICO | |
| 650 | 4 | |a ESTUDIANTES | |
| 650 | 4 | |a TLATELOLCO | |
| 773 | 0 | |x 008-7157 |d Cuba : Editorial Casa de las Américas |t Casa de las Américas |g número 51-52 (1968-1969), página 267 | |
| 942 | |c ARC | ||
| 999 | |c 9792 |d 9792 | ||
